| 000 | 01017nam a2200265 a 4500 | ||
|---|---|---|---|
| 001 | 000271303 | ||
| 005 | 20250331185256.0 | ||
| 006 | a 000 0 | ||
| 008 | 021005s2002 gr 000 0 spa d | ||
| 020 | _a9580465193 | ||
| 040 |
_aCO-CtgCURN _bspa _ccoctgcurn |
||
| 082 | 0 | 4 |
_a658.409 _bE461 _221 |
| 100 | 1 | _aEllig, Janice Reals. | |
| 245 | 1 | 3 |
_aLo que sabe toda mujer que triunfa : _b12 estrategias decisivas para acelerar su carrera y acceder a posiciones de poder / _cJanice Reals Ellig, William J. Morin ; tr. Affan Buitrago. |
| 260 |
_aBogotá : _bNorma, _c2002. |
||
| 300 |
_a246 p. : _bil., cuad. |
||
| 534 |
_aTÃtulo original : _tWhat every successful woman knows 12 breakthrough strategies to get the power & ignite your career. |
||
| 650 | 1 | 7 |
_aMujeres. _2LEMB |
| 650 | 1 | 7 |
_aAptitudes. _2LEMB |
| 650 | 1 | 7 |
_aExito. _2LEMB |
| 700 | 1 | _aMorin, William J. | |
| 942 |
_aMHC _bMHC _cBK _h658.409 _iE461 _2ddc |
||
| 991 | _aMBH | ||
| 999 |
_c25003 _d25003 |
||